00265nam a2200109Ia 4500100002800000654001500028245005800043260001800101082001500119300000900134546001200143 aJain/K.C/ Aggarwal/A.C  aproduction aProduction planning control and industrial management bKhannaaDelhi a658.5bJAI a1385 aENGLISH